000 00283nam a22001217a 4500
008 170524b xxu||||| |||| 00| 0 eng d
041 _aeng
080 _24 ED
_a621.3
100 _a26
101 _aIM
245 _aENGINEERING DRAWING AND DESING
_cMADSEN.D.A
942 _2udc
_cBK
999 _c14150
_d14150